000 00314nam a2200121Ia 4500
005 20251222155104.0
008 251222s9999||||xx |||||||||||||| ||spa||
082 _aEBA.78
100 _aJIMENEZ DE ESQUENAZI,T
245 0 _aEl proceso de EnfermerĂ­a Una MetodologĂ­a para la p.
264 _bNo tiene
942 _cLIB
999 _c37799
_d37799